01033nam a2200241Ia 4500001000600000003000900006008004100015040001300056040001300069041001300082100002300095100002900118245001500147245001500162250001100177260001100188260001500199260004900214300004300263500042600306650002800732650003100760E9733IT-RoPAU130308s9999 xx 000 0 und d aIT-RoPAU cIT-RoPAU aITALIANO aSpanu Massimiliano gCodice Aut. SPICS: 50165 aTim Burton bTim Burton a1a ed. aMILANO bIl Castoro c1997 [1° Ed.:1997 - Ed.Ling.Originale:1997] a"136 p. (prefazione: no ; testo: 136)" aVita e Opere del giovane Cineasta, nato in California nel 1958. Eterno Adolescente del Cinema Americano, è Il Paladino Fantastico Dark delle Diversità. neri pensieri di Tim Burton. Tim Burton e Il trionfo del Postmoderno. Ogni suo Film è Diventato un Cult. tra gli Altri: Beetlejuice (1988), Batman (1989), Edward mani di Forbice (1990), ed Wood (1994), Mars Attacks! (1996). Filmografia. Videografia. Bibliografia. aAUTORI/OPERE DEL CINEMA eCodice materia Spics: 6807